00635nam a2200169Ia 4500003000400000008004100004040001600045082001700061100003800078245020000116700001700316260005000333300001000383650001700393650002800410650002700438GCL140319s9999 xx 000 0 eng d aGCL / cGCL04a027.003bW D1 aINTERNATIONAL COUNCIL OR ARCHIVES10aDICTIONARY OF ARCHIVAL TERMINOLOGY = DICTIONNAIRE DE TERMINOLOGIE ARCHIVISTIQE ENLGISH - FRENCH WITH EQUIVALENS IN DUTCH, GERMAN ITALIAN, RUSSIAN AND SPANISH / cINTERNATIONAL COUNCIL OR ARCHIVES1 aWALNE, PETER a[S.N] : bARABSCIENTIFIC PUBLISHERS ، c1990 a278 P04aDICTIONARIES04aARCHIVES - DICTIONARIES04aARCHIVES - TERMINOLOGY